00627nam a2200205Ia 450000500170000000800410001702000140005804000190007204100120009108200150010324500450011826000510016330000170021444000340023165000200026585000100028594200070029599900170030295201020031920240528094924.0131103s9999 xx 000 0 und d a112706878 aLoreto College aEnglish a510.7bTEA 4aThe teaching and learning of Mathematics aLondonbHer Majesty's Stationery Office c1989 a50p.b ills. aAspects of Primary Education  aGeneral Science aLCBED cBK c28263d78742 00102ddc4070aMAINbMAINd2013-11-04l0o510.7 TEA 11316pB31107r2013-11-04w2013-11-04yBKf